000
00284nam a22001097a 4500
008
160512b xxu||||| |||| 00| 0 eng d
020
_a
9781578811984
041
_a
eng
080
_a
612.39
245
_a
Present knowledge in Nutrition:
_c
Barbara Bowman; Robert Russell;
942
_2
udc
_c
BK
999
_c
2137
_d
2137